Регионална библиотека "Любен Каравелов" - Русе

Божа биография (Запис номер 125188)

MARC детайли
000 -Лидер
Контролно поле с фиксирана дължина 01446nam a2200325 c 4500
003 - Код на организацията, давaща контролен номер
Контролно поле BLK
005 - Дата и час на последна редакция
Контролно поле 20180420231856.0
008 - Елементи от данни с фиксирана дължина
fixed length control field 180409b bul|||||r ||||||| ||bul||
010 ## - Наследен системен номер
LC control number KNG00130857000
040 ## - Източник на каталожния запис
Идентификатор на билиотеката - собственик на записа BLK
041 ## - Код за език
Код за езика на текст/звукозапис или на отделно заглавие Български
Код за езика КДБФ Български
080 ## - УДК
Текстов определител УДК Руска литература
УДК код - определител по УДК 821.161.1
УДК определител -32
УДК - код + определител 821.161.1-32
100 1# - Редна дума - Автор
Автор Басенко, Константин Яковлевич
Авторска отговорност първи автор
R(LIN) 36937
139 ## - Редно поле
Редна дума Басенко, Константин Яковлевич
Авторски знак Бару - Б 27
245 10 - Сведения за заглавието
Заглавие Божа биография
Подзаглавни данни Повест
Редно поле (дума) Константин Яковлевич Басенко; прев. от рус. Екатерина Цанкова; ил. М. Олшевски; послесл. от А. Василиев.
257 ## - Страна на издаване
Страна на създаване/издаване СССР
260 ## - Област на издателските данни
-- София
Име на издателя, разпространителя и проч. НС ОФ
Година на издаване 1966
300 ## - Физическа характеристика
Страници 52 с.
Илюстрации и др. с ил.
Размери/Мащаб 18 см
380 ## - Жанр
Жанр Худож. лит.
490 1# - СЕРИИ (Колекции)
Име на серия Библиотека за вярващи и невярващи
500 ## - Общи забележки
Забележка Ориг. загл. Божья биография. - 6 100 тир.
700 1# - Други автори (авторска отговорност)
Лично име Цанкова, Екатерина
Автороска отговорност (Описва отношението между автора и произведението) прев. от рус.
9 (RLIN) 319265
700 1# - Други автори (авторска отговорност)
Лично име Олшевски, М.
Автороска отговорност (Описва отношението между автора и произведението) ил.
9 (RLIN) 319266
700 1# - Други автори (авторска отговорност)
Лично име Василиев, А.
Автороска отговорност (Описва отношението между автора и произведението) послесл. от
9 (RLIN) 319267
852 ## - Местоположение
Форматна сигнатура Цб І 8618
856 4# - Електронен адрес и достъп
Електронен формат pdf - файл
Път до файла /url/
856 4# - Електронен адрес и достъп
Електронен формат pdf - файл
Път до файла /url/
942 ## - АРТИКУЛИ
Вид на библиотечния материал Книги
Скрит в OPAC Не
944 ## - СЪЗДАВАНЕ И РЕДАКЦИЯ на ЗАПИСА
Създаване/Редакция Създаване
Дата на регистрацията/редакция 22.05.2012
Статус, дата на статуса 22.05.2012 - от С1,Р / 22.05.2012
Служител, извършил регистрацията/редакцията Наталия_Медовщикова
944 ## - СЪЗДАВАНЕ И РЕДАКЦИЯ на ЗАПИСА
Създаване/Редакция Редакция
Дата на регистрацията/редакция 22.05.2012
Статус, дата на статуса 22.05.2012 - от С1,Р / 22.05.2012
Служител, извършил регистрацията/редакцията
999 ## - СИСТЕМНИ КОНТРОЛНИ НОМЕРА
Koha biblionumber 125188
Koha biblioitemnumber 125188
Наличности
Код за отписване Код за изгубен артикул Източник на класификационната схема Код за повреда Коз за рестрикции Код за отдаване Артикулен № Име на библиотеката - собственик Име на библиотеката, в която се намира в момента Статус (Текущо местоположение) Дата на вписване в системата Местоположение - отдел Цена в лева Инвентарен номер Систематично азбучна сигнатура Баркод Номер на екземпляра Цена в евро Служебна бележка Служебен тип на артикула
  Не е изгубен Universal Decimal Classification Не е повреден без рестрикции ползва се в читалня 203471 Регионална библиотека "Любен Каравелов" Русе Регионална библиотека "Любен Каравелов" Русе Хранилище 1966-01-01 Хранилище 0.18 13193/66 Цб І 8618 900000029122 1 0.09 N: стар фонд Дата: 01.01.1966 Книги
Vip Innovations Ltd, Rousse, Bulgaria 2025